000 00536nam a2200193Ia 4500
005 20260114185718.0
008 008 260114s9999 xx 000 0 eng d
020 _a9781472599087
037 _aEBOOK
040 _aCRL
_beng
_cCRL
041 _aeng
_2eng
084 _qCRL
100 _aD. A. Carpenter
_9873471
245 0 _aReign of Henry III
260 _bBloomsbury
_c1996
856 _uhttps://doi.org/10.5040/9781472599087?locatt=label:secondary_bloomsburyCollections
942 _cEBOOK
999 _c1472419
_d1472419